Taqrīr ʻan al-mālīyah wa-al-idārah wa-al-ḥālah al-ʻumūmīyah fī Miṣr wa-al-Sūdān sanat 1906-1907.

محفوظ في:

مؤلف مشترك: Great Britain. Foreign Office.

التنسيق: كتاب

اللغة: Arabic

منشور في: [al-Qāhirah] : Maṭbaʻat Idārat al Muqaṭṭam, 1907.

الموضوعات:

الوسوم: إضافة وسم

لا توجد وسوم, كن أول من يضع وسما على هذه التسجيلة!

رقم الطلب: DT107.3 .T37 1906-07

LEADER 01150nam a2200265Ia 4500
003 OSt
005 20230625101035.0
008 130303s1907 ua 000 0 ara d
952 |0 0  |1 0  |2 lcc  |4 0  |6 DT01073 T37 01906-00007  |7 1  |9 49112  |a ARCE  |b ARCE  |d 2023-06-25  |l 0  |o DT107.3 .T37 1906-07  |p 1028879  |r 2023-06-25 00:00:00  |w 2023-06-25  |y BK 
999 |c 26249  |d 26249 
040 |c ARCE Library 
043 |a f-ua---  |a f-sj--- 
050 4 |a DT107.3 .T37 1906-07 
110 1 |a Great Britain.   |b Foreign Office. 
245 0 0 |6 880-02  |a Taqrīr ʻan al-mālīyah wa-al-idārah wa-al-ḥālah al-ʻumūmīyah fī Miṣr wa-al-Sūdān sanat 1906-1907. 
264 1 |a [al-Qāhirah] :   |b Maṭbaʻat Idārat al Muqaṭṭam,  |c 1907. 
300 |a volumes ;   |c 24 cm. 
500 |a Description based on: 1901.. 
650 0 |a Finance  |z Egypt. 
650 0 |a Finance  |z Sudan.  
651 0 |a Egypt   |x Economic conditions   |y British occupation, 1882-1936. 
651 0 |a Sudan   |x Economic conditions. 
880 1 0 |6 245-02/(3/r  |a تقرير عن المالية و الإدارة و الحالة العمومية في مصر و السودان سنة 1906-1907 
901 |a reviewed 
942 |c BK  |2 lcc